000 00607nam a2200193Ii 4500
003 JO-AjNU
008 230605s9999||||xx |||||||||||||| ||und||
040 _aJO-AjNU
_bara
_erda
_cJO-AjNU
041 _aara
050 1 4 _aQR56 1990
100 3 _aبوستكيت، جون,
_eauthor
_938239
245 0 0 _aالبكتيريا المختزلة للكبريتات
264 3 1 _aبغداد:وزارة التعليم العالي ، 1990
300 _a342ص
336 _atext
_btxt
_2rdacontent
337 _aunmediated
_bn
_2rdamedia
338 _avolume
_bnc
_2rdacarrier
650 4 _aالبكتيريا
_938240
999 _aA16049
_c19617
_d19617